000 00314nam a22001337a 4500
020 _a9783374047321
082 _a270.82 LUT
100 _aLutheren world Fedration
245 _aHealing Memories
260 _aGermany
_bThe Luthren World Fedration
_c2016
300 _a199
650 _aEcumenicalism
942 _cBK
999 _c20181
_d20181